00339nam a2200133Ia 4500008004100000020001600041041001200057082001600069100001600085245004400101260003600145300000800181650001600189221030s9999 xx 000 0 und d a81788840561 aEnglish a105.23bBha aR. Bhargava 2aA Short Course on Tallycby R. Bhargava bCyber Tech PubaNew Delhic2002 a224 aBE Computer